000
00317nam a22001457a 4500
003
SGT
082
_a
345.54,SAK
100
_a
SAKHRANI, MONICA
245
_a
CITIZENS GUIDE TO CRIMINAL LAW
250
_a
1ST
260
_a
NEW DELHI
_b
UNIVERSAL BOOK
_c
2009
300
_a
258
650
_a
CRIMINAL LAW
942
_2
ddc
_c
BK
999
_c
9791
_d
9791